000 00493 a2200157 4500
040 _aULA-LD-MS
082 _b043.2/CAB/U 658.3/CAB/U
_m3
100 _91048
_aCABANGA,Celma silvia Armando
245 _aUso ético das novas tecnologias no sector financereiro.
_bProposta de capacitação
250 _a1ª Edição
300 _a88p.
600 0 _aCABANGA,Celma silvia Armando
650 _aTeses académicas
_aRelações humanas
700 _aCelma Silvia Armando Cabanga
942 _cTFC
999 _c2222
_d2222